000 00360nam a2200133Ia 4500
008 150202s9999 xx 000 0 und d
020 _a373030924
050 _aFIC
_bFIC
100 _aDaniels, Val.
245 _aHarlequin :
_bromance /
_cVal Daniels.
260 _aNew York :
_bHarlequin Books,
_c1990.
300 _a188 pages :
_c18 cm.
650 _aFiction.
999 _c281952
_d281952